|
|
|
|
| LEADER |
01633nam a2200349 a 4500 |
| 001 |
c000182615 |
| 003 |
CARM |
| 005 |
20050422171546.0 |
| 008 |
880428s1988 xnab b s000 0 eng d |
| 019 |
1 |
|
|a 5784154
|z 5826665
|5 LACONCORD2021
|
| 020 |
|
|
|a 0730506967 :
|c price unknown
|
| 035 |
|
|
|a (OCoLC)27561043
|5 LACONCORD2021
|
| 040 |
|
|
|a ANB
|b eng
|c ANB
|d NSL:D
|
| 042 |
|
|
|a anuc
|
| 043 |
|
|
|a u-at-ne
|
| 082 |
0 |
4 |
|a 333.73/17/099448
|2 19
|
| 245 |
0 |
3 |
|a An Inquiry pursuant to section 119 of the Environmental Planning and Assessment Act 1979 concerning zoning of land in the vicinity of Table Top Mountain, Albury, Hume Shire.
|
| 246 |
3 |
|
|a Zoning of land in the vicinity of Table Top Mountain, Albury, Hume Shire
|
| 260 |
|
|
|a [Sydney] :
|b [Office of the] Commissioners of Inquiry for Environment and Planning,
|c 1988.
|
| 300 |
|
|
|a iii, 109 p. :
|b maps (some folded) ;
|c 30 cm.
|
| 500 |
|
|
|a Cover title.
|
| 500 |
|
|
|a Deputy Chairman: William Simpson.
|
| 500 |
|
|
|a At head of title: Report to the Honourable Bob Carr, Minister for Planning and Environment.
|
| 500 |
|
|
|a CIR 100.
|
| 504 |
|
|
|a Bibliography: p. 7.
|
| 650 |
|
0 |
|a Land use
|z New South Wales
|z Table Top
|x Planning.
|
| 700 |
1 |
|
|a Simpson, William,
|d 1929-
|
| 710 |
1 |
|
|a New South Wales.
|b Dept. of Environment and Planning.
|
| 710 |
1 |
|
|a New South Wales.
|b Office of the Commissioners of Inquiry for Environment and Planning.
|
| 852 |
8 |
|
|b CARM
|h A1:AR34F0
|i D07788
|p 0249758
|f BK
|
| 999 |
f |
f |
|i 3d459686-3410-518f-98b8-74be712587aa
|s dd2d2c6c-9ef3-597a-b2e3-d56d71129ac0
|
| 952 |
f |
f |
|p Can circulate
|a CAVAL
|b CAVAL
|c CAVAL
|d CARM 1 Store
|e D07788
|f A1:AR34F0
|h Other scheme
|i book
|m 0249758
|